Normal view
MARC view
Entry Personal Name
001 - CONTROL NUMBER
- control field: 249455
003 - CONTROL NUMBER IDENTIFIER
- control field: OSt
005 - DATE AND TIME OF LATEST TRANSACTION
- control field: 20251218120254.0
008 - FIXED-LENGTH DATA ELEMENTS
- fixed length control field: 251218|| aca||aabn | a|a d
040 ## - CATALOGING SOURCE
- Original cataloging agency: OSt
- Transcribing agency: OSt
100 ## - HEADING--PERSONAL NAME
- Personal name: VIRESHA BADIGERA
- Dates associated with a name: ವಿರೇಶ ಬಡಿಗೇರ
670 ## - SOURCE DATA FOUND
- Source citation: Work cat.: (OSt)152632: VIRESHA BADIGERA ವಿರೇಶ ಬಡಿಗೇರ , Kannada sahitya parampare mattu kambararu, 2012